000 00574nam a2200181Ia 4500
008 151018s9999 xx 000 0 und d
082 _bRBASDV29243
_a891.468
100 _aशिरीष कणेकर
245 _aचहाटकळी
250 _b2
260 _bज्ञानदा पब्लिकेशन प्रा लि पुणे
_c1998
300 _a200
600 _aशिरीष कणेकर
630 _aचहाटकळी
700 _aशिरीष कणेकर
730 _aचहाटकळी
942 _cBOOK
999 _c1028808
_d1028805